000 00489nam a2200181Ia 4500
999 _c1364
_d1364
003 OSt
005 20200925101908.0
008 190216s9999||||xx |||||||||||||| ||und||
040 _coclc
082 _a575.108
_bLEV/P
100 _a Levine, Louis
_94983
245 0 _aPapers On Genetics /
_cLouis Levine
250 _a1st Ed.
260 _bToppan Company,
_c1971.
_aTokyo:
300 _a497p
650 _aBotany
942 _cBK
_2ddc
_h575.108
_iLEV/P
_k575.108
_mLEV/P